MDQL
is popping MORE tags! Check the
thread
!
Quizzes
Events
Quiz Creation
Community
Videos
Private Events
Remove Ads
Sign In
Join for FREE
Feedback
Dark Mode
Quiz Categories
Sports
Geography
Music
Movies
Television
Just For Fun
Miscellaneous
History
Literature
Language
Science
Gaming
Entertainment
Religion
Holiday
For Kids
Quiz Lab
Recent
Popular Today
Quiz Kudos Today
Editor Picks
Curator Picks
Quizzes by...
Day
Popularity
Type
Ratings
Length
Year
Community
Subscriptions
Recent Discussions
Orange Saloon
Badges
Playlists
Quests
Create
Leaderboards
Showdown
Live 5
Trivia Bingo
Activity
Puzzle Library
Sporcle Events
Private Events
Virtual Trivia
Globe League
Become a Host
Pub Owners
SporcleCon
Opinionation
Our Games
Videos
Blog
Mobile Apps
Partnerships
Remove Ads and Go Orange
Feedback
Movies
Disney
Marvel Cinematic Universe
Movie Resume
Movie Titles
Oscar
Actor
Actress
Director
Pixar
Role
Movie Quotes
Movie Characters
Box Office
Nominee
Best Picture
Star Wars
James Bond
Horror Movies
Movies
Disney
Marvel Cinematic Universe
Movie Resume
Movie Titles
Oscar
Actor
Actress
Director
Pixar
Role
Movie Quotes
Movie Characters
Box Office
Nominee
Best Picture
Star Wars
James Bond
Horror Movies
Random Quiz
Search Sporcle
×
Quiz Lab
Quiz Lab
Movies
Actress
Type in answers that appear in a list
Type in answers that appear in a list
Classic
Best Score? Go Orange.
Movies Connected By Actors Stats
Can you name the actor that was in both movies?
By
PrettyMcCutie
3m
20 Questions
1,392 Plays
1,392 Plays
1,392 Plays
Comments
Comments
Give Quiz Kudos
Give Quiz Kudos
-
- Ratings
hide this ad
Random Order
Randomize order of answers
Randomize order of answers
Replay
Link that replays current quiz
Next Quiz
Link to next quiz in quiz playlist
You Got
0%
They Got
Avg Score
59%
Avg Friend Score
Upgrade to see
Score Distribution
Jump to the score distribution portion of the page
Score
0/20
Timer
03:00
0
Plays Today
Movie #1
Actor/Actress
% Correct
School of Rock
Jack Black
92.4%
Grease
John Travolta
88.9%
Catch Me If You Can
Leonardo DiCaprio
87.9%
50 First Dates
Drew Barrymore
86.1%
Blades of Glory
Will Ferrell
82.8%
Snakes on A Plane
Samuel L. Jackson
81%
Marley and Me
Jennifer Aniston
80.4%
The Notebook
Rachel McAdams
73%
Pineapple Express
James Franco
66.7%
Enchanted
Amy Adams
65.1%
Movie #1
Actor/Actress
% Correct
Indiana Jones
Harrison Ford
61.6%
Uptown Girls
Brittany Murphy
60.3%
Shallow Hal
Gwyneth Paltrow
58%
Confessions of a Shopaholic
Isla Fisher
44.4%
The Producers
Uma Thurman
39.4%
Hot Rod
Andy Samberg
34%
Balls of Fury
Christopher Walken
31.9%
Talledega Nights
Sasha Baron Cohen
31.4%
Zoolander
Christine Taylor
16.1%
Adventureland
Kristen Wiig
12.1%
Quiz Playlist
Details
Report
Send in Message
Add To Playlist
Classic:
Type in answers that appear in a list
Random Order:
Randomize order of answers
Last Updated: Oct 24, 2018
Quiz Scoreboard
CHALLENGE
Sign Up to Join the Scoreboard
Show All
Scores
Hide
Comments
May contain spoilers
Recently Published
Find the 'City' Movie
by crazypaving
Movies
60s
5x2 Blitz: Bands
by SL_Kpop136
Music
30s
Colored Red Africa Blitz
by spor1
Geography
30s
More to Explore
Quiz From the Vault
Featured Blog Post
14 Easter Pick-up Lines to Find Eggs With
hide this ad
You Might Also Like...
Tags
Actor Quiz
Actress Quiz
Connected
Today's Top Quizzes in Movies
Browse Movies
hide this ad
Today's Top Quizzes in Actress
Browse Actress
Top Contributed Quizzes in Movies
1
Find The 'Big' Movie
2
Find The 'Wild' Movie
3
Find The 'Blue' Movie
4
Movies By Plot
5
Hidden Star Wars Character II
6
Pick 5 Posters: Directed by Spielberg
7
Hidden Star Wars Character III
8
The ultimate James Bond movie quiz
9
Hidden Star Wars Character IV
10
25 Best Actor Nominees (1990s)
Explore More
Trending Topics
NBA
Harry Potter
Anime
Kpop
Marvel
Disney
Crossword
Pokémon
Soccer
Song
Country
Puzzle
WWE
The Office
NFL
hide this ad
More By:
PrettyMcCutie
Quiz
Plays
Rating
Category
Featured
Created
FRIENDS - Finish the quote!
3,029
3.25
Television
Dec 20, 2009
Movies Connected By Actors
1,392
2.20
Movies
Dec 26, 2009
Movie Quotes VI
360
2.00
Movies
Dec 26, 2009
Go to Creator's Profile
Score Distribution
Quiz Creator Spotlight
PrettyMcCutie
Follow
Send a Message
Quizzes Created
-
Created Quiz Play Count
-
More By This Creator
Popular Quizzes Today
1
Colored Red Africa Blitz
2
Find the 'City' Movie
3
Find the US States - No Outlines Minefield
4
5x2 Blitz: Bands
5
The Countries of the World
6
Find the US States
7
US States
8
Find the Countries of Europe - No Outlines Minefield
More Movies Quizzes
Pixar/Disney films by Ratzenberger/Tudyk roles
Curator's Pick
Trending Quizzes
Colored Red Europe Blitz I
Colored Red Africa Blitz II
Colored Red Europe Blitz II
Colored Red Europe Blitz III
Colored Red Africa Blitz III
Recently Updated
How Do You Spell That?
pecheneg
Godzilla Movies
pecheneg
Grab Bag: 4-10 Letters
pecheneg
2024 March Madness Bracket
pecheneg
Famous TV Couples
Peacemaker
Champions League XIs: Real Madrid
pecheneg
Largest US Cities 1790-2010
pecheneg
Rides in Walt Disney World
pecheneg
Most Oscar Losses (Acting)
pecheneg
Beyoncé Albums
pecheneg
Trending Topics
NBA
Marvel
Disney
Harry Potter
Crossword
Kpop
Anime
The Office
Soccer
WWE
Puzzle
Country
NFL
Song
Pokémon
Your Account Isn't Verified!
In order to create a playlist on Sporcle, you need to verify the email address you used during registration. Go to your
Sporcle Settings
to finish the process.
Report this User
Report this user for behavior that violates our
Community Guidelines
.
Details:
Send Report
Go to the Sporcle.com Mobile Site →
Comments